LEADER 00835nam0-22003011i-450- 001 990002552090403321 035 $a000255209 035 $aFED01000255209 035 $a(Aleph)000255209FED01 035 $a000255209 100 $a20000920d1967----km-y0itay50------ba 101 0 $aENG 200 1 $aStochastic Stability and Control$fHarold J. Kushner. 210 $aNew York$cAcademic Press$d1967. 215 $axiv, 160 p.$d24 cm 225 1 $aMathematics in science and engineering$v33 610 0 $aTeoria del controllo 676 $a510 676 $a629 700 1$aKushner,$bHarold J.$048432 801 0$aIT$bUNINA$gRICA$2UNIMARC 901 $aBK 912 $a990002552090403321 952 $aMXVI-C-17$b1160$fMAS 959 $aMAS 996 $aStochastic Stability and Control$9355509 997 $aUNINA DB $aING01